000 00765nam a2200253Ia 4500
003 OSt
005 20220923212339.0
006 a|||||r|||| 00| 0
007 ta
008 220922b |||||||| |||| 00| 0 hin d
024 _a152,294
037 _cTextual
040 _aARTS
_cARTS
_bhin
041 _2hin
_ahin
082 _aO111,3N27,1, 152N2
100 _aनाहल, चमन
245 0 _aआजादी
246 _aĀjādī
260 _aनयी दिल्लीु
_b साहित्य अकादेमी
_c1992
300 _a311 पृ.
_ccm.
650 _aअंग्रेजी साहित्य
_9156276
942 _hO111,3N27,1, 152N2
_cTEXL
_2CC
999 _c307943
_d307943